पाणी एक अदभूत उपचारपद्धती (Record no. 308778)

MARC details
000 -LEADER
fixed length control field 00393pam a2200145a 44500
008 - FIXED-LENGTH DATA ELEMENTS--GENERAL INFORMATION
fixed length control field 230405s2015 xxu||||| |||| 00| 0 eng d
041 ## - LANGUAGE CODE
Language code of text/sound track or separate title MAR
100 ## - MAIN ENTRY--PERSONAL NAME
Personal name ए.आर. हरी
245 ## - TITLE STATEMENT
Title पाणी एक अदभूत उपचारपद्धती
250 ## - EDITION STATEMENT
Edition statement 2015
260 ## - PUBLICATION, DISTRIBUTION, ETC.
Place of publication, distribution, etc. Kolhapur
Name of publisher, distributor, etc. Mehta Book Publications
Date of publication, distribution, etc. 2015
300 ## - PHYSICAL DESCRIPTION
Extent 106
690 ## - LOCAL SUBJECT ADDED ENTRY--TOPICAL TERM (OCLC, RLIN)
Topical term or geographic name as entry element COC
906 ## - LOCAL DATA ELEMENT F, LDF (RLIN)
a 18280
Holdings
Withdrawn status Lost status Damaged status Not for loan Collection Home library Current library Date acquired Cost, normal purchase price Total Checkouts Barcode Date last seen Price effective from Koha item type
          Matoshri Bayabai Shripatrao Kadam Kanya Mahavidyalaya, Kadegaon, Sangli Matoshri Bayabai Shripatrao Kadam Kanya Mahavidyalaya, Kadegaon, Sangli 20/04/2018 120.00   KVK-COC01913 18/04/2023 18/04/2023 Book